La filosofía del Derecho

Gespeichert in:
Bibliographische Detailangaben
1. Verfasser: Friedrick, Carl J.
Format: Buch
Sprache:Undetermined
Veröffentlicht: México, Distrito Federal Fondo de Cultura Económica 1993
Schlagworte:
Tags: Tag hinzufügen
Keine Tags, Fügen Sie den ersten Tag hinzu!

MARC

LEADER 00000nam a2200000Ia 4500
008 170316s9999 xx 000 0 und d
090 |a 100 F-34f 
100 |a Friedrick, Carl J. 
245 |a La filosofía del Derecho 
260 |a México, Distrito Federal 
260 |b Fondo de Cultura Económica 
260 |c 1993 
300 |a 443 páginas 
650 |a FILOSOFÍA 
999 |c 16202  |d 16202 
040 |a cru BVZT 
942 |c 15 D  |h 100 F-34f  |2 z